Žvnostenský zákon

Bibliographic Details
Format: Article
Language:Slovak
ISSN:1335-6674
Subjects:

MARC

LEADER 00000nab a2200000 a 4500
001 vtls009160528
003 SK-MaSNL
005 20260303063302.0
008 141024c2007 xo mr|p|||||||000 b|slo
015 |a SNBRB2007/11  |2 snkbucl 
038 |a SNKBUCL 
040 |a SNKBUCL  |b slo  |c SNKBUCL  |e AACR2 
041 0 |a slo 
044 |a xo  |c SK 
080 |a 347.72  |2 2001 
080 |a 351.824  |2 2001 
245 0 0 |a Žvnostenský zákon 
630 0 7 |a živnostenský zákon  |2 snkbucl  |9 393156 
650 0 7 |a živnostenské podnikanie  |2 snkbucl  |9 1774 
773 0 |t Obchodné právo  |g Roč. VIII, č. 8-9 (2007), s. 25-61  |x 1335-6674 
852 |a SNK  |b KIS3GCP 
958 |a SK 
999 |c 1742452  |d 1744382